000 00621nam a2200229Ia 4500
003 OSt
005 20221007074810.0
006 a|||||r|||| 00| 0
007 ta
008 221006b |||||||| |||| 00| 0 eng d
024 _a35,321
037 _cTextual
040 _aFLL
_cFLL
_beng
041 _2eng
_aeng
082 _aZ73,6, P8
100 _aSymeonides Symeon C.
_9693181
245 0 _aAmerican private international law
260 _aNetherlands
_bKluwer Law International
_c2008
300 _a368p
_ccm.
942 _hZ73,6, P8
_cTEXL
_2CC
999 _c1153715
_d1153715